000
00293nam a2200121Ia 4500
008
190216s9999||||xx |||||||||||||| ||und||
100
_a
Linus Pauling &peter Pauling
245
0
_a
Chemistry
260
_b
W H Freeman And Company
_c
1975
300
_a
767p
650
_a
Chemistry
942
_c
BK
999
_c
2553
_d
2553